La formación del Estado y el sector público en Centroamérica y Panamá /

Na minha lista:
Detalhes bibliográficos
Autor principal: Torres Rivas, Edelberto
Formato: Texto
Assuntos:
Tags: Adicionar Tag
Sem tags, seja o primeiro a adicionar uma tag!

MARC

LEADER 00000 a a2200000 04500
001 44264
003
040
100 |a Torres Rivas, Edelberto  
245 |a La formación del Estado y el sector público en Centroamérica y Panamá /  |c Edelberto Torres Rivas  
650 |a SECTOR PUBLICO  
650 |a ESTADO  
650 |a PANAMA  
650 |a AMERICA CENTRAL  
773 |g volumen42, número2 (1980), Páginas 561-589  
999 |c 20460  |d 20460